000 00727nam a22002177a 4500
003 koha_MIRAKIL
005 20260414103449.0
008 260414b tur||||| |||| 00| 0 tur d
020 _a9786050808278
040 _aTR-IsEVY
_btur
_cTR-IsEVY
082 _aFIC ORA/İ
100 _aOrakçı, Mustafa
245 0 _aİstanbul Dedektifleri :
_bkayıp haritanın peşinde /
_cMustafa Orakçı ; resimleyen Alp Türkbiner.
250 _a14. bs.
260 _aİstanbul :
_bGenç Timaş Yayınları,
_c2019.
300 _a141 s. :
_brenkli resimli ;
_c19 cm.
490 0 _aİstanbul Dedektifleri : 1.
650 _aÇocuk Edebiyatı.
_vÇocuk Romanı.
_vİstanbul.
700 1 _aTürkbiner, Alp.
_cresimleyen.
942 _2ddc
_cBK
999 _c23458
_d23458